000
00226nam a2200097Ia 4500
008
230508s1986 xx 000 0 und d
041
_a
eng
100
_a
GELBERG B.
245
_a
REPAIR OF INDUSTRIAL EQUIPMENTS
260
_c
1986
999
_c
343820
_d
343820